[Event "IECG CP.2002.P.00071 email"]
[Site "IECG email"]
[Date "2002.10.01"]
[Round "?"]
[White "Tavani, Alberto"]
[Black "Baioni, Alfio"]
[Result "1-0"]
[WhiteElo "1463"]
[BlackElo "800"]
[PlyCount "69"]
[EventDate "2002.10.01"]
[EventType "tourn (corr)"]
[EventRounds "6"]
[EventCountry "ITA"]
[SourceTitle "Corr 2008"]
[Source "ChessBase"]
[SourceDate "2008.06.24"]
[SourceVersion "1"]
[SourceVersionDate "2008.06.24"]
[SourceQuality "1"]

1. e4 c5 2. Nf3 d6 3. d4 cxd4 4. Nxd4 Nf6 5. Nc3 g6 6. Be3 Bg7 7. f3 0-0 8. Qd2 Nc6 9. Bc4 Bd7 10. h4 Rc8 11. Bb3 Ne5 12. 0-0-0 h5 13. Bg5 Rc5 14. g4 hxg4 15. f4 Nc6 16. e5 Nxd4 17. Qxd4 Bc6 18. Rhe1 Bf3 19. Rd3 Nh7 20. Qxc5 dxc5 21. Rxd8 Rxd8 22. Bxe7 Re8 23. Bxc5 b6 24. Be3 Kf8 25. Nb5 f6 26. Bd2 a5 27. Bf7 Kxf7 28. Nd6+ Ke6 29. Nxe8 Bf8 30. exf6+ Kf7 31. Nc7 Bc5 32. Be3 Bxe3+ 33. Rxe3 Nxf6 34. Ne6 Bd5 35. Ng5+ 1-0